La tonada : testimonios para el futuro

El nuevo libro de Margot Loyola La Tonada: testimonios para el futuro, que edita la Pontificia Universidad Católica de Valparaíso con el apoyo del Fondo Nacional del Libro, representa un nuevo e importante hito en la producción artística y científica de Margot Loyola, Profesora Emérita de esta Unive...

Full description

Bibliographic Details
Main Author: Loyola, Margot 1918-2015
Format: Libro
Language:Spanish
Published: Valparaíso : Ediciones Universitarias de Valparaíso, Pontificia Universidad Católica de Valparaíso, 2019.
Series:Colección Margot Loyola Palacios
Subjects:
Online Access:

MARC

LEADER 00000nam a22000007a 4500
003 UAHC
005 20230608171556.0
008 230608s2019 cl |||| |||| 00| 0 spa d
020 |a 9789561708266 
035 |a ARTES 
040 |a UAHC  |c UAHC 
082 |a 782.4216261  |b L923 
100 |9 17996  |a Loyola, Margot  |d 1918-2015 
245 1 3 |a La tonada :   |b testimonios para el futuro  |c Margot Loyola Palacios. 
260 |a Valparaíso :  |b Ediciones Universitarias de Valparaíso, Pontificia Universidad Católica de Valparaíso,  |c 2019. 
300 |a 285 páginas. 
440 |9 17997  |a Colección Margot Loyola Palacios 
520 |a El nuevo libro de Margot Loyola La Tonada: testimonios para el futuro, que edita la Pontificia Universidad Católica de Valparaíso con el apoyo del Fondo Nacional del Libro, representa un nuevo e importante hito en la producción artística y científica de Margot Loyola, Profesora Emérita de esta Universidad. Este trabajo representa el estudio más completo y riguroso que hasta ahora se haya realizado en el país sobre la tonada, el género musical más importante del cantar vernáculo de Chile. En este libro, Margot nos entrega la esencia del lenguaje musical cantado del Chile mestizo. Contando con una población cuya composición es mayoritariamente mestiza, el mestizaje racial ha originado un mestizaje cultural que se ha expresado en la cultura musical del país con un marcado carácter que, a grandes rasgos y pese a la continua evolución de la cultura de tradición oral, se ha mantenido. La tonada, género lírico cantado, representa este mestizaje en lo vocal. 
650 0 |9 18013  |a Tonadas   |x Canciones y música 
650 0 |9 18014  |a Tonadas  |x Historia y crítica 
650 0 |9 16341  |a Canciones folklóricas chilenas 
650 0 |9 741  |a Música folklórica  |z Chile 
900 |a 782.4216261 LOY 
942 |2 ddc  |c BK 
952 |0 0  |1 0  |2 ddc  |4 0  |6 782_421626100000000_LOY  |7 0  |8 COMP  |9 98289  |a BS  |b BS  |c General  |d 2023-06-08  |e Donación  |g 6000.00  |l 2  |m 1  |o 782.4216261 LOY  |p 1443920  |r 2025-12-03 15:54:10  |s 2025-11-26  |t 1  |w 2023-06-08  |y BK  |B LMUS 
999 |c 60781  |d 60781